A guide to project management (Record no. 85258)

MARC details
000 -LEADER
fixed length control field 01323cgm a2200265 4500
008 - FIXED-LENGTH DATA ELEMENTS--GENERAL INFORMATION
fixed length control field 090401t1995 xxu||||| |||| 00| 0 eng d
020 ## - INTERNATIONAL STANDARD BOOK NUMBER
International Standard Book Number 1899769153
035 ## - SYSTEM CONTROL NUMBER
System control number (Sirsi) u52426
041 ## - LANGUAGE CODE
Language code of text/sound track or separate title eng
050 ## - LIBRARY OF CONGRESS CALL NUMBER
Classification number 658.404
-- 18
100 ## - MAIN ENTRY--PERSONAL NAME
Personal name Waterhouse, Roger
245 #2 - TITLE STATEMENT
Title A guide to project management
Remainder of title a CPD study pack
250 ## - EDITION STATEMENT
Edition statement 2nd ed.
260 ## - PUBLICATION, DISTRIBUTION, ETC.
Place of publication, distribution, etc. Reading
Name of publisher, distributor, etc. College of Estate Management
Date of publication, distribution, etc. 1995
300 ## - PHYSICAL DESCRIPTION
Extent v, 50p.
Dimensions 30cm. + 1 audio cassette (ca. 60 min.)
350 ## - PRICE (NR) (BK AM CF MU VM SE) [OBSOLETE]
Price 34.5
490 ## - SERIES STATEMENT
Series statement College of Estate Management CPD Study Pack
520 ## - SUMMARY, ETC.
Summary, etc. The purpose of this pack is to provide a basic understanding of project management in the property and construction industry. It identifies typical problems that the project manager is likely to experience in practice and offers some possible solutions to these problems. The pack is primarily intended for building, quantity and general practice surveyors as well as members of the Chartered Institute of Building.
520 ## - SUMMARY, ETC.
Summary, etc. Accompanied by Owlion Audio Programme entitled "Project management" (B3199), which is also available to borrow separately.
520 ## - SUMMARY, ETC.
Summary, etc. Superseded by "Project management 2000" (ISBN 1899769072).
690 ## - LOCAL SUBJECT ADDED ENTRY--TOPICAL TERM (OCLC, RLIN)
Topical term or geographic name as entry element Project management
9 (RLIN) 6261
710 ## - ADDED ENTRY--CORPORATE NAME
Corporate name or jurisdiction name as entry element College of Estate Management
9 (RLIN) 400
942 ## - ADDED ENTRY ELEMENTS (KOHA)
Suppress in OPAC 0
948 ## - LOCAL PROCESSING INFORMATION (OCLC); SERIES PART DESIGNATOR (RLIN)
c (OCLC) 04/03/1997
Holdings
Withdrawn status Lost status Source of classification or shelving scheme Damaged status Not for loan Home library Current library Shelving location Date acquired Cost, normal purchase price Total Checkouts Full call number Barcode Date last seen Date last checked out Copy number Cost, replacement price Price effective from Koha item type
    Dewey Decimal Classification     London London Basement 06/11/1996 29.33 3 SHELF 330 30050644 06/08/2019 07/03/2001 1 29.33 06/08/2019 Audio